MARC

LEADER 00000nam0a2200000 4500
001 23092
005 20231030195107.0
010 |a 5804600273 
035 |a (RuTPU)RU\TPU\book\23307 
035 |a BOOK00023379 
090 |a 23092 
100 |a 20011209d1999 km y0rusy50 ca 
101 1 |a rus  |c eng 
102 |a RU 
105 |a a j 000zy 
200 1 |a NT Server 4 in the Enterprise  |e Экзамен 70-068  |f Э. Титтел, К. Хадсон, Дж. М. Стюарт 
210 |a СПб.  |c Питер  |d 1999 
215 |a 432 с.  |c ил. 
517 1 |a Сертификационный экзамен - экстерном 
610 1 |a Microsoft 
610 1 |a экзамены 
610 1 |a сертификация 
610 1 |a NT Server 4 
610 1 |a Enterprise 
610 1 |a MCSE 
610 1 |a учебные пособия 
675 |a 681.3.06(07)  |v 3 
700 1 |a Титтел  |b Э.  |g Эд 
701 1 |a Хадсон  |b К.  |g Курт 
701 1 |a Стюарт  |b Дж. М.  |g Дж. Майкл 
801 0 |a RU  |b 63413507  |c 20011209  |g PSBO 
801 2 |a RU  |b 63413507  |c 20061021  |g PSBO 
942 |c BK